Tous les Joueurs de Ligue 1 2025 - 2026 - Statistiques

Statistiques générales
  • Ce quiz a été pris 152 fois
  • Le résultat moyen est 156 sur 498
Statistiques - réponses
Club Poste Numéro Réponse % Correct
FC Metz Gardien de But 40 Ousmane Ba
86%
PSG Attaquant 10 Ousmane Dembélé
81%
PSG Gardien de But 30 Lucas Chevalier
80%
RC Strasbourg Milieu de Terrain 32 Valentin Barco
76%
PSG Attaquant 14 Désiré Doué
75%
RC Strasbourg Défenseur 22 Guéla Doué
75%
PSG Milieu de Terrain 17 Vitinha
75%
PSG Milieu de Terrain 87 Joao Neves
74%
PSG Défenseur 5 Marquinhos
74%
Olympique Lyonnais Milieu de Terrain 8 Corentin Tolisso
73%
RC Strasbourg Attaquant 15 David Datro Fofana
73%
RC Lens Attaquant 10 Florian Thauvin
73%
PSG Attaquant 9 Goncalo Ramos
73%
Olympique de Marseille COACH / Habib Beye
73%
Olympique Lyonnais Attaquant 11 Malick Fofana
73%
Olympique de Marseille Attaquant 10 Mason Greenwood
73%
PSG Défenseur 25 Nuno Mendes
73%
RC Lens Attaquant 38 Rayan Fofana
73%
PSG Défenseur 51 Willian Pacho
73%
PSG Défenseur 2 Achraf Hakimi
72%
PSG Gardien de But 39 Matvey Safonov
72%
LOSC Attaquant 9 Olivier Giroud
72%
PSG Attaquant 29 Bradley Barcola
71%
Olympique Lyonnais Attaquant 9 Endrick
70%
PSG Milieu de Terrain 24 Senny Mayulu
70%
PSG Milieu de Terrain 8 Fabian Ruiz
69%
Olympique de Marseille Attaquant 17 Pierre-Emerick Aubameyang
69%
PSG Milieu de Terrain 33 Warren Zaire Emery
69%
PSG COACH / Luis Enrique
68%
Olympique Lyonnais Attaquant 17 Afonso Moreira
67%
RC Strasbourg Milieu de Terrain 7 Diego Moreira
67%
Olympique de Marseille Gardien de But 1 Geronimo Rulli
67%
Paris FC Milieu de Terrain 17 Adama Camara
65%
FC Nantes Attaquant 14 Amady Camara
65%
FC Nantes Gardien de But 1 Anthony Lopes
65%
Olympique de Marseille Défenseur 28 Benjamin Pavard
65%
Stade Rennais Gardien de But 30 Brice Samba
65%
PSG Milieu de Terrain 19 Kang-In Lee
65%
AS Monaco Milieu de Terrain 15 Lamine Camara
65%
PSG Défenseur 21 Lucas Hernandez
65%
Stade Rennais Milieu de Terrain 45 Mahdi Camara
65%
Angers SCO Défenseur 4 Ousmane Camara
65%
RC Lens Gardien de But 40 Robin Risser
63%
Olympique de Marseille Attaquant 9 Amine Gouiri
62%
Le Havre AC Attaquant 27 Enzo Koffi
62%
Angers SCO Gardien de But 12 Hervé Koffi
62%
Stade Brestois Attaquant 19 Ludovic Ajorque
62%
FC Metz Défenseur 70 Bouna Sarr
61%
RC Lens Défenseur 20 Malang Sarr
61%
Stade Rennais COACH / Franck Haise
60%
Olympique de Marseille Défenseur 5 Leonardo Balerdi
60%
Olympique Lyonnais Défenseur 19 Moussa Niakhaté
60%
Paris FC Gardien de But 35 Kevin Trapp
59%
PSG Attaquant 7 Khvicha Kvaratskhelia
59%
Olympique Lyonnais Milieu de Terrain 10 Pavel Sulc
59%
RC Lens COACH / Pierre Sage
59%
PSG Attaquant 49 Ibrahim Mbaye
58%
RC Strasbourg Attaquant 9 Joaquin Panichelli
58%
Olympique Lyonnais COACH / Paulo Fonseca
58%
Paris FC Milieu de Terrain 10 Ilan Kebbal
57%
Paris FC Attaquant 20 Julien Lopez
57%
Paris FC Milieu de Terrain 21 Maxime Lopez
57%
Olympique Lyonnais Défenseur 98 Ainsley Maitland-Niles
56%
AS Monaco Attaquant 9 Folarin Balogun
56%
AS Monaco Milieu de Terrain 11 Maghnes Akliouche
56%
RC Lens Défenseur 14 Matthieu Udol
56%
Olympique Lyonnais Défenseur 3 Nicolas Tagliafico
56%
FC Metz Milieu de Terrain 8 Boubacar Traoré
55%
LOSC COACH / Bruno Genesio
55%
Stade Rennais Attaquant 9 Esteban Lepaul
55%
Olympique de Marseille Défenseur 32 Facundo Medina
55%
Paris FC Défenseur 14 Hamari Traoré
55%
Olympique de Marseille Attaquant 20 Hamed Junoir Traoré
55%
Stade Brestois Attaquant 10 Romain Del Castillo
55%
AS Monaco Milieu de Terrain 10 Aleksandr Golovin
54%
Olympique Lyonnais Défenseur 22 Clinton Mata
54%
LOSC Milieu de Terrain 21 Benjamin André
53%
Paris FC Attaquant 36 Ciro Immobile
53%
FC Metz Défenseur 3 Moustapha Diop
53%
Toulouse FC Milieu de Terrain 18 Pape Demba Diop
53%
Stade Brestois Attaquant 29 Saliou Diop
53%
OGC Nice Attaquant 10 Sofiane Diop
53%
Stade Rennais Attaquant 7 Breel Embolo
52%
OGC Nice Défenseur 4 Dante
52%
PSG Défenseur 6 Illia Zabarnyi
52%
PSG Défenseur 35 Lucas Beraldo
52%
FC Nantes Attaquant 31 Mostafa Mohamed
52%
Olympique de Marseille Défenseur 21 Nayef Aguerd
52%
Olympique Lyonnais Milieu de Terrain 6 Tanner Tessmann
52%
Stade Rennais Milieu de Terrain 21 Valentin Rongier
52%
RC Lens Milieu de Terrain 28 Adrien Thomasson
51%
Olympique Lyonnais Gardien de But 1 Dominik Greif
51%
AJ Auxerre Gardien de But 16 Donovan Leon
51%
PSG Attaquant 27 Dro Fernandez
51%
Toulouse FC Gardien de But 1 Guillaume Restes
51%
AJ Auxerre Attaquant 10 Lassine Sinayoko
51%
FC Nantes Attaquant 10 Matthis Abline
51%
RC Lens Attaquant 11 Odsonne Edouard
51%
Olympique Lyonnais Gardien de But 40 Rémy Descamps
51%
FC Lorient Gardien de But 21 Bingourou Kamara
49%
RC Strasbourg Attaquant 10 Emmanuel Emegha
49%
Stade Brestois COACH / Eric Roy
49%
Stade Rennais Milieu de Terrain 4 Glen Kamara
49%
Olympique de Marseille Attaquant 14 Igor Paixao
49%
Olympique Lyonnais Défenseur 85 Noham Kamara
49%
FC Lorient Attaquant 10 Pablo Pagis
49%
AS Monaco Milieu de Terrain 8 Paul Pogba
49%
Paris FC Milieu de Terrain 33 Pierre Lees Melou
49%
Olympique Lyonnais Milieu de Terrain 23 Tyler Morton
49%
FC Lorient Attaquant 12 Bamba Dieng
48%
AS Monaco Défenseur 12 Caio Henrique
48%
Olympique de Marseille Attaquant 11 Ethan Nwaneri
48%
Olympique de Marseille Gardien de But 12 Jeffrey De Lange
48%
OGC Nice Défenseur 92 Jonathan Clauss
48%
Olympique de Marseille Milieu de Terrain 23 Pierre-Emile Hojbjerg
47%
Olympique Lyonnais Attaquant 7 Adam Karabec
46%
LOSC Milieu de Terrain 32 Ayyoub Bouaddi
46%
AS Monaco Milieu de Terrain 6 Denis Zakaria
46%
FC Metz Attaquant 30 Habib Diallo
46%
Le Havre AC Gardien de But 99 Mory Diaw
46%
Olympique Lyonnais Attaquant 77 Roman Yaremchuk
46%
Olympique de Marseille Défenseur 22 Timothy Weah
46%
RC Lens Attaquant 22 Wesley Saïd
46%
Le Havre AC Milieu de Terrain 94 Abdoulaye Touré
45%
RC Lens Milieu de Terrain 31 Alpha Diallo
45%
Stade Brestois Défenseur 5 Brendan Chardonnet
45%
Olympique de Marseille Milieu de Terrain 8 Himad Abdelli
45%
Stade Rennais Milieu de Terrain 10 Ludovic Blas
45%
OGC Nice Défenseur 26 Melvin Bard
45%
Stade Rennais Défenseur 26 Quentin Merlin
45%
FC Metz Milieu de Terrain 12 Alpha Touré
44%
Paris FC COACH / Antoine Kombouaré
44%
FC Metz Défenseur 97 Fodé Ballo-Touré
44%
Olympique de Marseille Milieu de Terrain 19 Geoffrey Kondogbia
44%
FC Lorient Défenseur 95 Isaak Touré
44%
RC Strasbourg Gardien de But 39 Mike Penders
44%
OGC Nice Milieu de Terrain 8 Morgan Sanson
44%
Paris FC Attaquant 27 Moses Simon
44%
LOSC Défenseur 36 Ousmane Touré
44%
PSG Gardien de But 89 Renato Marin
44%
Olympique Lyonnais Attaquant 37 Ernest Nuamah
43%
LOSC Milieu de Terrain 10 Hakon Haraldsson
43%
Stade Brestois Milieu de Terrain 8 Hugo Magnetti
43%
Stade Brestois Défenseur 77 Kenny Lala
43%
Olympique Lyonnais Milieu de Terrain 44 Khalis Merah
43%
LOSC Attaquant 7 Matias Fernandez-Pardo
43%
OGC Nice Gardien de But 80 Yehvann Diouf
43%
Olympique Lyonnais Défenseur 16 Abner Vinicius
42%
Olympique de Marseille Milieu de Terrain 26 Bilal Nadir
42%
Paris FC Attaquant 93 Jonathan Ikoné
42%
AJ Auxerre Défenseur 27 Lamine Sy
42%
OGC Nice Attaquant 25 Mohamed-Ali Cho
42%
FC Metz Gardien de But 61 Pape Sy
42%
LOSC Gardien de But 1 Berke Ozer
41%
OGC Nice COACH / Claude Puel
41%
OGC Nice Milieu de Terrain 39 Djibril Coulibaly
41%
LOSC Attaquant 8 Ethan Mbappé
41%
RC Lens Attaquant 7 Florian Sotoca
41%
FC Metz Milieu de Terrain 10 Gauthier Hein
41%
AJ Auxerre Milieu de Terrain 21 Lasso Coulibaly
41%
FC Lorient Milieu de Terrain 6 Laurent Abergel
41%
AS Monaco Milieu de Terrain 28 Mamadou Coulibaly
41%
Stade Rennais Attaquant 11 Mousa Al-Tamari
41%
Stade Brestois Défenseur 44 Soumaïla Coulibaly
41%
AJ Auxerre COACH / Christophe Pélissier
40%
Olympique Lyonnais Gardien de But 50 Lassine Diarra
40%
RC Lens Milieu de Terrain 8 Mamadou Sangaré
40%
Olympique de Marseille Milieu de Terrain 27 Quinten Timber
40%
LOSC Défenseur 12 Thomas Meunier
40%
AS Monaco Défenseur 2 Vanderson
40%
Angers SCO COACH / Alexandre Dujeux
39%
Le Havre AC COACH / Didier Digard
39%
Toulouse FC Défenseur 19 Djibril Sidibé
39%
RC Strasbourg Défenseur 6 Ismaël Doukouré
39%
Stade Rennais Défenseur 97 Jérémy Jacquet
39%
AS Monaco Attaquant 14 Mika Biereth
39%
Olympique Lyonnais Milieu de Terrain 99 Noah Nartey
39%
Paris FC Défenseur 6 Otavio
39%
PSG Attaquant 47 Quentin Ndjantou
39%
Toulouse FC Attaquant 10 Yann Gboho
39%
Olympique de Marseille Milieu de Terrain 18 Arthur Vermeeren
38%
OGC Nice Attaquant 11 Elye Wahi
38%
LOSC Milieu de Terrain 6 Nabil Bentaleb
38%
FC Lorient COACH / Olivier Pantaloni
38%
Olympique Lyonnais Défenseur 21 Ruben Kluivert
38%
AS Monaco Attaquant 31 Ansu Fati
37%
RC Strasbourg Défenseur 3 Ben Chilwell
37%
RC Lens Défenseur 24 Jonathan Gradit
37%
AS Monaco Défenseur 5 Thilo Kehrer
37%
RC Lens Attaquant 9 Allan Saint-Maximin
35%
OGC Nice Défenseur 33 Antoine Mendy
35%
Olympique de Marseille Défenseur 33 Emerson Palmieri
35%
Le Havre AC Défenseur 4 Gautier Lloris
35%
Angers SCO Défenseur 21 Jordan Lefort
35%
AJ Auxerre Milieu de Terrain 5 Kevin Danois
35%
RC Lens Défenseur 2 Ruben Aguilar
35%
RC Strasbourg Milieu de Terrain 29 Samir El Mourabet
35%
FC Lorient Gardien de But 38 Yvon Mvogo
35%
Angers SCO Défenseur 25 Abdoulaye Bamba
34%
AS Monaco Milieu de Terrain 23 Aladji Bamba
34%
LOSC Attaquant 29 Hamza Igamane
34%
FC Lorient Attaquant 9 Mohamed Bamba
34%
LOSC Défenseur 3 Nathan Ngoy
34%
Olympique Lyonnais Attaquant 18 Rachid Ghezzal
34%
FC Nantes Milieu de Terrain 20 Rémy Cabella
34%
LOSC Défenseur 15 Romain Perraud
34%
AS Monaco COACH / Sebastien Pocognoli
34%
AS Monaco Milieu de Terrain 18 Takumi Minamino
34%
RC Lens Attaquant 19 Abdallah Sima
33%
Stade Brestois Défenseur 2 Bradley Locko
33%
LOSC Défenseur 18 Chacel Mbemba
33%
RC Strasbourg COACH / Gary O'Neil
33%
Olympique Lyonnais Défenseur 33 Hans Hateboer
33%
Angers SCO Milieu de Terrain 93 Haris Belkebla
33%
FC Nantes Milieu de Terrain 8 Johann Lepenant
33%
RC Strasbourg Attaquant 20 Martial Godo
33%
Paris FC Gardien de But 16 Obed Nkambadio
33%
AS Monaco Gardien de But 16 Philipp Köhn
33%
LOSC Défenseur 22 Tiago Santos
33%
FC Nantes Défenseur 78 Tylel Tati
33%
Paris FC Attaquant 9 Willem Geubbels
33%
LOSC Défenseur 23 Aïssa Mandi
32%
Toulouse FC Défenseur 4 Charlie Cresswell
32%
FC Nantes Défenseur 27 Deiver Machado
32%
Stade Brestois Gardien de But 30 Grégoire Coudert
32%
RC Lens Défenseur 25 Ismaëlo Ganiou
32%
Stade Brestois Milieu de Terrain 23 Kamory Doumbia
32%
Olympique Lyonnais Milieu de Terrain 5 Orel Mangala
32%
AJ Auxerre Défenseur 20 Sinaly Diomandé
32%
LOSC Attaquant 27 Félix Correia
31%
OGC Nice Défenseur 28 Juma Bah
31%
OGC Nice Gardien de But 31 Maxime Dupé
31%
FC Lorient Défenseur 3 Montassar Talbi
31%
RC Lens Défenseur 6 Samson Baidoo
31%
RC Strasbourg Milieu de Terrain 11 Sebastian Nanasi
31%
AS Monaco Défenseur 25 Wout Faes
31%
Stade Rennais Défenseur 24 Anthony Rouault
30%
Olympique de Marseille Défenseur 4 CJ Egan-Riley
30%
Toulouse FC Attaquant 9 Frank Magri
30%
Paris FC Attaquant 11 Jean-Philippe Krasso
30%
FC Nantes Milieu de Terrain 66 Louis Leroux
30%
AS Monaco Gardien de But 1 Lukas Hradecky
30%
Stade Brestois Attaquant 17 Mama Baldé
30%
Angers SCO Attaquant 35 Prosper Peter
30%
Stade Brestois Gardien de But 1 Radoslaw Majecki
30%
Le Havre AC Milieu de Terrain 17 Sofiane Boufal
30%
FC Nantes COACH / Ahmed Kantari
29%
Le Havre AC Défenseur 93 Arouna Sangante
29%
FC Nantes Défenseur 18 Fabien Centonze
29%
LOSC Milieu de Terrain 28 Gaëtan Perrin
29%
Olympique Lyonnais Milieu de Terrain 39 Mathys De Carvalho
29%
AJ Auxerre Attaquant 9 Sékou Mara
29%
LOSC Défenseur 4 Alexsandro
28%
Toulouse FC Milieu de Terrain 15 Aron Donnum
28%
Stade Rennais Défenseur 3 Lilian Brassier
28%
LOSC Milieu de Terrain 17 Ngal'ayel Mukau
28%
Toulouse FC Défenseur 2 Rasmus Nicolaisen
28%
Stade Rennais Défenseur 48 Abdelhamid Ait Boudlal
27%
FC Lorient Défenseur 5 Bamo Meïté
27%
Stade Rennais Milieu de Terrain 6 Djaoui Cissé
27%
FC Metz Gardien de But 1 Jonathan Fischer
27%
FC Nantes Défenseur 3 Nicolas Cozza
27%
RC Lens Défenseur 23 Saud Abdulhamid
27%
Olympique de Marseille Milieu de Terrain 6 Tochukwu Nnadi
27%
FC Nantes Attaquant 11 Bahereba Guirassy
26%
AS Monaco Défenseur 13 Christian Mawissa
26%
Toulouse FC Milieu de Terrain 23 Cristian Casseres
26%
Le Havre AC Défenseur 13 Fodé Doucouré
26%
AS Monaco Défenseur 4 Jordan Teze
26%
Stade Brestois Milieu de Terrain 13 Joris Chotard
26%
RC Strasbourg Milieu de Terrain 19 Julio Enciso
26%
AS Monaco Milieu de Terrain 27 Krépin Diatta
26%
Angers SCO Milieu de Terrain 15 Pierrick Capelle
26%
FC Nantes Défenseur 72 Sekou Doucouré
26%
Le Havre AC Milieu de Terrain 8 Yassine Kechta
26%
LOSC Milieu de Terrain 26 André Gomes
25%
RC Strasbourg Attaquant 80 Gessime Yassine
25%
FC Nantes Milieu de Terrain 28 Ibrahima Sissoko
25%
FC Lorient Défenseur 2 Igor Silva
25%
Le Havre AC Attaquant 45 Issa Soumaré
25%
AJ Auxerre Attaquant 7 Josué Casimir
25%
Stade Rennais Défenseur 95 Przemyslaw Frankowski
25%
OGC Nice Milieu de Terrain 22 Tanguy Ndombele
25%
FC Lorient Milieu de Terrain 11 Théo Le Bris
25%
LOSC Gardien de But 16 Arnaud Bodart
24%
Paris FC Milieu de Terrain 18 Marshall Munetsi
24%
Le Havre AC Milieu de Terrain 14 Rassoul Ndiaye
24%
FC Nantes Attaquant 19 Youssef El-Arabi
24%
FC Nantes Défenseur 4 Abakar Sylla
23%
RC Strasbourg Milieu de Terrain 42 Abdoul Ouattara
23%
Paris FC Attaquant 7 Alimami Gory
23%
Angers SCO Attaquant 7 Amine Sbaï
23%
RC Strasbourg Défenseur 2 Andrew Omobamidele
23%
Stade Rennais Attaquant 70 Arnaud Nordin
23%
FC Lorient Défenseur 43 Arsène Kouassi
23%
Toulouse FC COACH / Carles Martinez Novell
23%
FC Nantes Défenseur 6 Chidozie Awaziem
23%
AJ Auxerre Attaquant 19 Danny Namaso
23%
Toulouse FC Attaquant 20 Emersonn
23%
RC Lens Milieu de Terrain 18 Fodé Sylla
23%
OGC Nice Milieu de Terrain 6 Hicham Boudaoui
23%
AS Monaco Défenseur 20 Kassoum Ouattara
23%
Angers SCO Milieu de Terrain 6 Louis Mouton
23%
Angers SCO Gardien de But 16 Melvin Zinga
23%
LOSC Attaquant 11 Osame Sahraoui
23%
RC Strasbourg Milieu de Terrain 83 Rafael Luis
23%
RC Lens Gardien de But 1 Régis Gurtner
23%
Stade Brestois Attaquant 14 Rémy Labeau Lascary
23%
AJ Auxerre Milieu de Terrain 28 Romain Faivre
23%
Stade Rennais Défenseur 36 Alidu Seidu
22%
RC Lens Milieu de Terrain 21 Amadou Haidara
22%
RC Lens Milieu de Terrain 5 Andrija Bulatovic
22%
Angers SCO Défenseur 2 Carlens Arcus
22%
OGC Nice Milieu de Terrain 24 Charles Vanhoutte
22%
AJ Auxerre Défenseur 92 Clément Akpa
22%
AJ Auxerre Milieu de Terrain 42 Elisha Owusu
22%
Angers SCO Défenseur 27 Lilian Raolisoa
22%
Le Havre AC Gardien de But 77 Lionel Mpasi
22%
Le Havre AC Défenseur 7 Loïc Négo
22%
Toulouse FC Défenseur 3 Mark McKenzie
22%
RC Lens Défenseur 4 Nidal Celik
22%
Stade Brestois Attaquant 99 Pathé Mboup
22%
AS Monaco Défenseur 3 Eric Dier
20%
AJ Auxerre Défenseur 14 Gideon Mensah
20%
OGC Nice Attaquant 90 Kevin Carlos
20%
RC Lens Gardien de But 16 Mathieu Gorgelin
20%
LOSC Défenseur 24 Calvin Verdonk
19%
Stade Brestois Milieu de Terrain 7 Junior Dina Ebimbe
19%
RC Strasbourg Défenseur 24 Lucas Hogsberg
19%
Paris FC Défenseur 5 Moustapha Mbow
19%
AS Monaco Attaquant 24 Simon Adingra
19%
AJ Auxerre Gardien de But 40 Théo De Percin
19%
Olympique de Marseille Gardien de But 92 Théo Vermot
19%
Paris FC Défenseur 28 Thibaut De Smet
19%
OGC Nice Défenseur 20 Tom Louchet
19%
Paris FC Milieu de Terrain 4 Vincent Marchetti
19%
Angers SCO Milieu de Terrain 8 Branco Van Den Boomen
18%
Angers SCO Défenseur 3 Jacques Ekomié
18%
Stade Brestois Défenseur 4 Junior Diaz
18%
FC Nantes Défenseur 98 Kelvin Amian
18%
RC Strasbourg Milieu de Terrain 8 Maxi Oyedele
18%
Stade Rennais Attaquant 65 Nordan Mukiele
18%
Paris FC Milieu de Terrain 23 Rudy Matondo
18%
Paris FC Défenseur 31 Samir Chergui
18%
RC Strasbourg Attaquant 27 Samuel Amo-Ameyaw
18%
OGC Nice Défenseur 2 Ali Abdi
17%
FC Nantes Milieu de Terrain 17 Dehmaine Tabibou
17%
FC Nantes Attaquant 37 Ignatus Ganago
17%
Stade Brestois Milieu de Terrain 24 Lucas Tousart
17%
AS Monaco Défenseur 22 Mohammed Salisu
17%
OGC Nice Défenseur 64 Moïse Bombito
17%
FC Lorient Attaquant 28 Sambou Soumano
17%
Toulouse FC Attaquant 11 Santiago Hidalgo
17%
Olympique de Marseille Attaquant 76 Tadjidine Mmadi
17%
Angers SCO Milieu de Terrain 14 Yassin Belkhdim
17%
FC Metz Milieu de Terrain 21 Benjamin Stambouli
16%
Toulouse FC Défenseur 24 Dayann Méthalie
16%
Paris FC Défenseur 42 Diego Coppola
16%
Angers SCO Attaquant 9 Goduine Koyalipou
16%
FC Lorient Milieu de Terrain 17 Jean-Victor Makengo
16%
FC Metz Défenseur 39 Koffi Kouao
16%
Paris FC Gardien de But 1 Rémi Riou
16%
OGC Nice Milieu de Terrain 99 Salis Abdul-Samed
16%
OGC Nice Milieu de Terrain 55 Youssouf Ndayishimiye
16%
RC Strasbourg Défenseur 5 Aaron Anselmino
15%
FC Lorient Attaquant 15 Aiyegun Tosin
15%
RC Lens Défenseur 27 Arthur Masuaku
15%
Stade Brestois Défenseur 27 Daouda Guindo
15%
Angers SCO Défenseur 26 Florent Hanin
15%
OGC Nice Attaquant 21 Isak Jansson
15%
FC Metz Défenseur 5 Jean-Philippe Gbamin
15%
FC Metz Milieu de Terrain 20 Jessy Deminguet
15%
RC Strasbourg Milieu de Terrain 18 Junior Mwanga
15%
Toulouse FC Gardien de But 16 Kjetil Haug
15%
Paris FC Défenseur 19 Nhoa Sangui
15%
FC Lorient Milieu de Terrain 8 Noah Cadiou
15%
FC Lorient Défenseur 77 Panos Katseris
15%
FC Nantes Gardien de But 30 Patrick Carlgren
15%
FC Metz Défenseur 38 Sadibou Sané
15%
Paris FC Défenseur 15 Timothée Kolodziejczak
15%
Le Havre AC Défenseur 32 Timothée Pembélé
15%
Toulouse FC Défenseur 12 Warren Kamanzi
15%
FC Nantes Milieu de Terrain 13 Francis Coquelin
14%
FC Metz Attaquant 9 Giorgi Abuashvili
14%
Olympique de Marseille Gardien de But 40 Jelle Van Neck
14%
OGC Nice Défenseur 37 Kojo Peprah-Oppong
14%
Paris FC Attaquant 26 Lamine Gueye
14%
Angers SCO Attaquant 36 Lanroy Machine
14%
Stade Rennais Défenseur 18 Mahamadou Nagida
14%
FC Metz Défenseur 2 Maxime Colin
14%
FC Nantes Milieu de Terrain 21 Mohamed Kaba
14%
Toulouse FC Milieu de Terrain 45 Alexis Vossah
13%
AJ Auxerre Milieu de Terrain 18 Assane Dioussé
13%
FC Lorient Gardien de But 1 Benjamin Leroy
13%
RC Lens Gardien de But 60 Ilan Jourdren
13%
RC Lens Défenseur 32 Kyllian Antonio
13%
Paris FC Milieu de Terrain 13 Mathieu Cafaro
13%
Le Havre AC Attaquant 25 Mbwana Samatta
13%
Angers SCO Gardien de But 40 Oumar Pona
13%
Stade Rennais Milieu de Terrain 17 Sebastian Szymanski
13%
Paris FC Défenseur 2 Tuomas Ollila
13%
Le Havre AC Défenseur 18 Yanis Zouaoui
13%
FC Lorient Défenseur 25 Abdoulaye Faye
12%
Le Havre AC Défenseur 15 Ayumu Seko
12%
Angers SCO Défenseur 24 Emmanuel Biumla
12%
Paris FC Attaquant 24 Luca Koleosho
12%
LOSC Attaquant 14 Marius Broholm
12%
Angers SCO Défenseur 5 Marius Courcoul
12%
RC Strasbourg Milieu de Terrain 17 Mathis Amougou
12%
AS Monaco Gardien de But 50 Yann Lienard
12%
RC Lens Milieu de Terrain 26 Anthony Bermont
11%
FC Lorient Défenseur 44 Darline Yongwa
11%
FC Nantes Défenseur 24 Frédéric Guilbert
11%
AJ Auxerre Défenseur 22 Frederik Oppegard
11%
FC Metz Attaquant 19 Lucas Michal
11%
OGC Nice Défenseur 5 Mohamed Abdelmonem
11%
LOSC Attaquant 20 Noah Edjouma
11%
Le Havre AC Défenseur 29 Stephan Zagadou
11%
FC Lorient Milieu de Terrain 62 Arthur Avom Ebong
10%
AJ Auxerre Défenseur 24 Bryan Okoh
10%
AJ Auxerre Défenseur 4 Francisco Sierralta
10%
Toulouse FC Attaquant 7 Julian Vignolo
10%
RC Strasbourg Gardien de But 1 Karl-Johan Johnsson
10%
Stade Rennais Gardien de But 50 Mathys Silistrie
10%
AS Monaco Attaquant 29 Paris Brunner
10%
RC Strasbourg Gardien de But 50 Stefan Bajic
10%
OGC Nice Attaquant 47 Tiago Gouveia
10%
FC Metz COACH / Benoît Tavenot
9%
Le Havre AC Milieu de Terrain 19 Lucas Gourna-Douath
9%
Stade Brestois Défenseur 12 Luck Zogbé
9%
Toulouse FC Milieu de Terrain 77 Mario Sauer
9%
AJ Auxerre Défenseur 29 Marvin Senaya
9%
Toulouse FC Défenseur 35 Seny Koumbassa
9%
FC Metz Défenseur 15 Terry Yegbe
9%
Stade Rennais Attaquant 77 Yassir Zabiri
9%
Le Havre AC Défenseur 6 Etienne Youté
8%
FC Metz Attaquant 7 Giorgi Tsitaishvili
8%
AJ Auxerre Milieu de Terrain 17 Oussama El Azzouzi
8%
Paris FC Attaquant 29 Pierre-Yves Hamel
8%
Le Havre AC Milieu de Terrain 26 Simon Ebonog
8%
AS Monaco Milieu de Terrain 17 Stanis Idumbo
8%
FC Nantes Gardien de But 50 Alexis Mirbach
6%
Angers SCO Attaquant 31 Djibirin Harouna
6%
Stade Rennais Attaquant 35 Elias Quinonez
6%
LOSC Gardien de But 30 Marc-Aurèle Caillard
6%
Angers SCO Défenseur 20 Marius Louër
6%
FC Lorient Défenseur 32 Nathaniel Adjei
6%
Stade Brestois Défenseur 71 Raphaël Le Guen
6%
FC Nantes Défenseur 26 Uros Radakovic
6%
Toulouse FC Milieu de Terrain 17 Abu Francis
5%
FC Nantes Milieu de Terrain 52 Bahmed Deuff
5%
FC Lorient Milieu de Terrain 29 Dermane Karim
5%
Le Havre AC Attaquant 10 Felix Mambimbi
5%
FC Metz Attaquant 99 Joel Asoro
5%
FC Nantes Défenseur 22 Mathieu Acapandie
5%
Stade Brestois Gardien de But 50 Noah Jauny
5%
Le Havre AC Gardien de But 50 Paul Argney
5%
Toulouse FC Milieu de Terrain 22 Rafik Messali
5%
Angers SCO Milieu de Terrain 19 Dan Sinaté
4%
AJ Auxerre Défenseur 35 Elikya Legros
4%
OGC Nice Milieu de Terrain 23 Gabin Bernardeau
4%
Le Havre AC Attaquant 11 Godson Kyeremeh
4%
Stade Brestois Milieu de Terrain 33 Hamidou Makalou
4%
Toulouse FC Attaquant 13 Jacen Russel-Rowe
4%
AJ Auxerre Milieu de Terrain 8 Naouirou Ahamada
4%
Le Havre AC Milieu de Terrain 30 Reda Khadra
4%
AJ Auxerre Défenseur 13 Telli Siwe
4%
AJ Auxerre Gardien de But 30 Tom Negrel
4%
Olympique de Marseille Milieu de Terrain 45 Yanis Sellami
4%
Toulouse FC Gardien de But 30 Alex Dominguez
3%
FC Lorient Milieu de Terrain 7 Bandiougou Fadiga
3%
OGC Nice Gardien de But 30 Bartosz Zelazowski
3%
Le Havre AC Milieu de Terrain 78 Daren Mosengo
3%
Toulouse FC Attaquant 21 Enzo Faty
3%
FC Metz Attaquant 11 Giorgi Kvilitaia
3%
Toulouse FC Attaquant 37 Ilyas Azizi
3%
AJ Auxerre Gardien de But 37 Louis Mezerette
3%
AJ Auxerre Attaquant 31 Ryan Rodin
3%
Paris FC Défenseur 22 Sofiane Alakouch
3%
AJ Auxerre Milieu de Terrain 36 Tidiane Devernois
3%
FC Metz Défenseur 4 Urie-Michel Mboula
3%
FC Metz Défenseur 27 Yannis Lawson
3%
FC Nantes Défenseur 2 Ali Yousuf
2%
FC Metz Milieu de Terrain 33 Believe Munongo
2%
Toulouse FC Défenseur 44 Gaëtan Bakhouche
2%
FC Metz Milieu de Terrain 29 Ismaël Guerti
2%
AS Monaco Gardien de But 40 Jules Stawiecki
2%
FC Metz Défenseur 25 Cléo Mélieres
1%
Toulouse FC Milieu de Terrain 28 Darris Zema
1%
Toulouse FC Défenseur 25 Frédéric Efuele Ngoyala
1%
Le Havre AC Milieu de Terrain 24 Guy Noël Zohouri
1%
FC Metz Attaquant 17 Joseph Mangondo
1%
Toulouse FC Gardien de But 40 Naïme Saïd Mchindra
1%
Toulouse FC Défenseur 27 Nicolas Wasbauer
1%
Toulouse FC Milieu de Terrain 34 Noah Lahmadi
1%
FC Metz Gardien de But 16 Romain Jean-Baptiste
1%
FC Lorient Milieu de Terrain 14 Trevan Sanusi
1%
Le Havre AC Attaquant 20 Noam Abougou
0%
Aucun quiz correspondant
Distribution des résultats
% des personnes avec chaque résultat
Percentile par nombre de réponses
Votre historique - résultats
Vous n’avez pas pris ce quiz